[Event "ICS rated blitz match"]
[Site "204.178.125.65"]
[Date "1999.10.26"]
[Round "?"]
[White "MissSilicon"]
[Black "Hossa"]
[Result "1-0"]
[WhiteElo "2669"]
[BlackElo "2421"]
[PlyCount "90"]
[EventDate "1999.??.??"]

1. d4 d5 2. c4 e6 3. Nc3 Nf6 4. Bg5 c6 5. Nf3 dxc4 6. e4 Qb6 7. Qc1 c5 8. d5
Nxe4 9. Nxe4 exd5 10. Ned2 Nc6 11. Be2 Bd6 12. O-O O-O 13. Re1 Re8 14. Bxc4
Rxe1+ 15. Qxe1 Be6 16. Bd3 Qxb2 17. Rb1 Qxa2 18. Rxb7 Rb8 19. Rxb8+ Bxb8 20.
Bf5 d4 21. Qe4 h6 22. Bxh6 gxh6 23. Qxc6 Bxf5 24. Qe8+ Kh7 25. Qxb8 Qa1+ 26.
Nf1 Bd3 27. N3d2 c4 28. Qe5 Kg6 29. Qd6+ f6 30. Qg3+ Kh7 31. Qc7+ Kg6 32. Qc8
Kg7 33. f4 h5 34. Qd7+ Kh6 35. Qf7 f5 36. Qe7 a5 37. Kf2 Qb2 38. Kg3 Qc1 39.
Nf3 Qe1+ 40. Qxe1 a4 41. Qe6+ Kg7 42. Qe7+ Kg8 43. Qe8+ Kg7 44. Qd7+ Kg8 45.
Ng5 45... h4+ {Hossa resigns} 1-0

[Event "ICS Rated blitz match"]
[Site "204.178.125.65"]
[Date "1999.10.26"]
[Round "?"]
[White "Hossa"]
[Black "lakerda"]
[Result "1-0"]
[WhiteElo "2415"]
[BlackElo "2155"]
[PlyCount "99"]
[EventDate "1999.??.??"]

1. Nf3 g6 2. g3 Bg7 3. e4 d6 4. d4 Nd7 5. Bg5 h6 6. Be3 e5 7. Bg2 Ngf6 8. Nc3
O-O 9. dxe5 dxe5 10. O-O c6 11. Qd6 Re8 12. Rad1 Qe7 13. Qc7 Nf8 14. Qa5 N6d7
15. Ne2 Ne6 16. Qd2 Kh7 17. c4 b6 18. b4 Rd8 19. a3 Bb7 20. Qd6 Qxd6 21. Rxd6
Ndf8 22. c5 Rxd6 23. cxd6 Rd8 24. Rd1 Ba6 25. Nc3 Nd7 26. Bh3 Ndf8 27. Kg2 g5
28. Bf5+ Kg8 29. h4 f6 30. hxg5 hxg5 31. Rd2 Kf7 32. Bg4 Ng6 33. a4 Bf8 34. a5
bxa5 35. bxa5 Rxd6 36. Rxd6 Bxd6 37. Bxa7 Bb4 38. Na4 Bxa5 39. Bxe6+ Kxe6 40.
Nc5+ Kd6 41. Nxa6 Ne7 42. Bb8+ Ke6 43. Nc5+ Kf7 44. g4 Bb4 45. Nd3 Ba3 46. Kg3
Nc8 47. Bxe5 fxe5 48. Nfxe5+ Ke6 49. Nxc6 Nd6 50. f3 {lakerda resigns} 1-0

[Event "ICS rated standard match"]
[Site "204.178.125.65"]
[Date "1999.10.26"]
[Round "?"]
[White "Hossa"]
[Black "MissSilicon"]
[Result "0-1"]
[WhiteElo "2037"]
[BlackElo "2357"]
[PlyCount "107"]
[EventDate "1999.??.??"]

1. Nf3 d5 2. c4 e6 3. g3 Nf6 4. cxd5 exd5 5. Bg2 Bb4 6. O-O O-O 7. d4 Re8 8.
Bg5 Nc6 9. Nc3 Bxc3 10. bxc3 h6 11. Bxf6 Qxf6 12. e3 Bg4 13. Rb1 b6 14. h3 Bf5
15. Rc1 Rad8 16. c4 dxc4 17. Rxc4 Be4 18. a3 b5 19. Rc5 Rd5 20. Rxd5 Bxd5 21.
Ne1 Bc4 22. Nd3 Qg6 23. Re1 Bxd3 24. Bxc6 Rd8 25. d5 Qf5 26. Qg4 Qxg4 27. hxg4
a5 28. Rd1 Be2 29. Rd2 Bf3 30. Rd4 g5 31. e4 Rb8 32. Rd3 Bxg4 33. f3 Bc8 34. e5
Rb6 35. Rb3 b4 36. f4 Bf5 37. fxg5 hxg5 38. axb4 axb4 39. Rf3 Bc2 40. Be8 b3
41. Bxf7+ Kg7 42. d6 cxd6 43. exd6 b2 44. Ba2 Rxd6 45. Rf7+ Kh6 46. g4 Ra6 47.
Bb1 Bxb1 48. Rf2 Bc2 49. Kh2 b1=Q 50. Rf3 Be4 51. Rh3+ Kg6 52. Rf3 Ra2+ 53. Kg3
Qg1+ 54. Kh3 {Hossa resigns} 0-1

[Event "ICS rated blitz match"]
[Site "204.178.125.65"]
[Date "1999.10.26"]
[Round "?"]
[White "Hossa"]
[Black "PostModernist"]
[Result "0-1"]
[WhiteElo "2421"]
[BlackElo "2606"]
[PlyCount "87"]
[EventDate "1999.??.??"]

1. d4 Nf6 2. c4 e6 3. Nc3 Bb4 4. Qc2 O-O 5. a3 Bxc3+ 6. Qxc3 b6 7. Bg5 Bb7 8.
Qg3 d6 9. e3 Nbd7 10. Be2 e5 11. Bh6 Ne8 12. Bh5 Kh8 13. Bg5 f6 14. Bh4 g5 15.
Bf3 e4 16. Bg4 f5 17. Bxg5 Qxg5 18. Bh3 Qxg3 19. hxg3 c5 20. Rd1 cxd4 21. Rxd4
Ne5 22. Kd2 Rc8 23. b3 a5 24. a4 Nc6 25. Rd5 Ne7 26. Rd4 d5 27. Kc3 Ba6 28. g4
dxc4 29. bxc4 Nc6 30. Rd5 Bxc4 31. Rxf5 Bf7 32. Kd2 Nb4 33. f3 Rc2+ 34. Kd1 Nd6
35. Ne2 Nc4 36. Ke1 Nd3+ 37. Kf1 Nxe3+ 38. Kg1 Nxf5 39. fxe4 Nd6 40. Ng3 Nf2
41. g5 Bg6 42. Kh2 Nxh1 43. Kxh1 Bxe4 44. Nxe4 {Hossa resigns} 0-1

[Event "ICS rated blitz match"]
[Site "204.178.125.65"]
[Date "1999.10.26"]
[Round "?"]
[White "lakerda"]
[Black "Hossa"]
[Result "0-1"]
[WhiteElo "2193"]
[BlackElo "2413"]
[PlyCount "126"]
[EventDate "1999.??.??"]

1. d4 Nf6 2. e3 g6 3. b3 Bg7 4. Bb2 O-O 5. Nd2 d5 6. Ngf3 Bg4 7. h3 Bf5 8. g4
Bd7 9. Bd3 c6 10. c4 b5 11. c5 Na6 12. a3 Be8 13. Ne5 Rb8 14. b4 Nc7 15. f4 e6
16. Qc2 Qe7 17. Bc3 Rc8 18. Rg1 Bd7 19. Rh1 Rcd8 20. Rg1 a6 21. Be2 Kh8 22. g5
Nfe8 23. h4 f6 24. Nef3 Rc8 25. gxf6 Bxf6 26. h5 gxh5 27. Ne5 Bxe5 28. dxe5
Qh4+ 29. Kd1 Qf2 30. Rf1 Qxe3 31. Qd3 Qxd3 32. Bxd3 Ng7 33. Kc2 Nf5 34. Bxf5
Rxf5 35. Nb3 Rcf8 36. Bd2 Rg8 37. Nd4 Rff8 38. Rh1 Be8 39. Rag1 Rg7 40. Rxg7
Kxg7 41. Kd3 h6 42. Ke3 Kg6 43. Be1 Rf7 44. Bh4 Bd7 45. Rg1+ Kh7 46. Bf6 Ne8
47. Bh4 Rg7 48. Rxg7+ Nxg7 49. Kf3 Kg6 50. Kg3 Nf5+ 51. Nxf5 Kxf5 52. Kf3 Kg6
53. Kg3 Be8 54. Kf3 Bf7 55. Ke3 Bg8 56. Kf3 Bh7 57. Kg3 d4 58. Kf3 Kf7 59. Bf2
d3 60. Ke3 Bf5 61. Bh4 Kg7 62. Kd4 d2 63. Ke3 63... d1=Q {lakerda resigns} 0-1

[Event "ICS rated blitz match"]
[Site "204.178.125.65"]
[Date "1999.10.26"]
[Round "?"]
[White "WhiteCastles"]
[Black "Hossa"]
[Result "1-0"]
[WhiteElo "2634"]
[BlackElo "2426"]
[PlyCount "63"]
[EventDate "1999.??.??"]

1. e4 e5 2. Bc4 Nf6 3. d3 Nc6 4. Nc3 Na5 5. Qf3 Nxc4 6. dxc4 d6 7. Nge2 Bg4 8.
Qd3 Be7 9. Bg5 O-O 10. O-O c6 11. Rad1 Qb6 12. Be3 Bxe2 13. Nxe2 Qa6 14. Ng3
Rfd8 15. Nf5 Rd7 16. Nxe7+ Rxe7 17. Qxd6 Ree8 18. Qd3 Re7 19. Bg5 Qxa2 20. Bxf6
gxf6 21. Qc3 Qa6 22. Qg3+ Kh8 23. Qh4 Re6 24. Rd7 Rf8 25. Qh5 Kg8 26. Rfd1 Ree8
27. R7d3 Qa3 28. bxa3 Rd8 29. Qh6 Rxd3 30. Rxd3 b6 31. Rg3+ Kh8 32. Qxf8# {
Hossa checkmated} 1-0

[Event "ICS rated blitz match"]
[Site "204.178.125.65"]
[Date "1999.10.26"]
[Round "?"]
[White "drainUbrain"]
[Black "Hossa"]
[Result "0-1"]
[WhiteElo "2300"]
[BlackElo "2419"]
[PlyCount "128"]
[EventDate "1999.??.??"]

1. e4 e5 2. Nf3 Nc6 3. Bc4 Nf6 4. d3 Be7 5. O-O d5 6. exd5 Nxd5 7. Re1 Nb6 8.
Bb3 Bg4 9. Nbd2 Nd7 10. h3 Bh5 11. g4 Bg6 12. Ba4 f6 13. Bxc6 bxc6 14. Nh4 Rb8
15. Qf3 c5 16. Ne4 Bxe4 17. dxe4 Rb6 18. b3 O-O 19. c4 Qe8 20. Be3 Qf7 21. Nf5
Kh8 22. Nxe7 Qxe7 23. Red1 Rfb8 24. Bd2 Rd6 25. Ba5 Nf8 26. Qe3 Ne6 27. f3 Nf4
28. Kh2 Kg8 29. Kg3 Qd7 30. Rxd6 cxd6 31. Rd1 Rc8 32. Bc3 Qe6 33. Qd2 Rc6 34.
Qc2 Rb6 35. Bd2 Ne2+ 36. Kf2 Nd4 37. Qd3 Ra6 38. Ra1 Qf7 39. Be3 Rb6 40. Bxd4
cxd4 41. a3 Qg6 42. b4 Rc6 43. Rc1 Qh6 44. Rh1 Qh4+ 45. Kg2 Kf8 46. a4 Rb6 47.
b5 Rb7 48. a5 Ke7 49. Qa3 Qg5 50. Rd1 Rc7 51. Qb4 Qe3 52. Rd2 Rxc4 53. Qxc4
Qxd2+ 54. Kf1 Qxa5 55. Ke2 g5 56. Qc6 Qa2+ 57. Kd3 Qb3+ 58. Kd2 Qe3+ 59. Kc2
Qe2+ 60. Kb3 Qd1+ 61. Kb4 Qd2+ 62. Ka4 Qa2+ 63. Kb4 Qb2+ 64. Ka5 64... Qa3# {
drainUbrain checkmated} 0-1

[Event "ICS rated blitz match"]
[Site "204.178.125.65"]
[Date "1999.10.26"]
[Round "?"]
[White "Hossa"]
[Black "drainUbrain"]
[Result "1-0"]
[WhiteElo "2430"]
[BlackElo "2289"]
[PlyCount "185"]
[EventDate "1999.??.??"]

1. Nf3 a5 2. e4 Nf6 3. Nc3 d6 4. d4 h5 5. Bg5 g6 6. Bd3 Bg7 7. O-O c6 8. Qd2 b5
9. Qf4 Nbd7 10. a3 Qc7 11. Rad1 Bb7 12. Bh4 O-O 13. Bg3 Rfe8 14. e5 dxe5 15.
dxe5 Nd5 16. Nxd5 cxd5 17. Bxb5 e6 18. Rd2 Rf8 19. Re1 Nc5 20. Nd4 Ne4 21. Rd3
Nxg3 22. hxg3 Ba6 23. Bxa6 Rxa6 24. Qg5 Rb6 25. Rc3 Qd8 26. Qc1 Qb8 27. Nc6 Qb7
28. Nxa5 Qa6 29. Nb3 Qb5 30. Rc7 Rb7 31. Rxb7 Qxb7 32. Nd4 Qb8 33. b3 Qc7 34.
Qe3 Ra8 35. a4 Qa5 36. c3 Rc8 37. Nb5 Qa6 38. Qg5 Bf8 39. Re3 Qb6 40. Rf3 Qb7
41. Kf1 Qd7 42. Ke1 Rb8 43. Nd4 Bc5 44. Kf1 Bxd4 45. cxd4 Qc7 46. Qd2 Rc8 47.
Kg1 Qc1+ 48. Qxc1 Rxc1+ 49. Kh2 Rd1 50. g4 Rxd4 51. gxh5 gxh5 52. Kh3 Kg7 53.
a5 Rb4 54. Rc3 Rb5 55. a6 Ra5 56. Rc6 Ra3 57. Kh4 Rxb3 58. Kxh5 Ra3 59. g4 d4
60. Rd6 d3 61. f4 d2 62. Rxd2 Rxa6 63. Rd7 Ra1 64. Kg5 Rf1 65. f5 exf5 66. gxf5
Kf8 67. Kf6 Ke8 68. Re7+ Kf8 69. Rxf7+ Ke8 70. e6 Kd8 71. e7+ Kd7 72. e8=Q+
Kxe8 73. Rh7 Re1 74. Rh8+ Kd7 75. Kg6 Ke7 76. f6+ Kd6 77. Rd8+ Kc6 78. f7 Rg1+
79. Kh6 Rh1+ 80. Kg5 Rg1+ 81. Kh4 Rh1+ 82. Kg3 Rf1 83. Rc8+ Kd7 84. f8=Q Rxf8
85. Rxf8 Ke6 86. Kf4 Kd5 87. Rf5+ Ke6 88. Re5+ Kd6 89. Kf5 Kc6 90. Ke6 Kb6 91.
Kd7 Ka6 92. Kc7 Ka7 93. Ra5# {drainUbrain checkmated} 1-0

[Event "ICS rated blitz match"]
[Site "204.178.125.65"]
[Date "1999.10.26"]
[Round "?"]
[White "Hossa"]
[Black "WhiteCastles"]
[Result "0-1"]
[WhiteElo "2440"]
[BlackElo "2654"]
[PlyCount "94"]
[EventDate "1999.??.??"]

1. Nf3 Nf6 2. c4 e6 3. d4 d5 4. Nc3 c6 5. cxd5 exd5 6. Bg5 Bf5 7. e3 Be7 8. Be2
Nbd7 9. O-O O-O 10. Bd3 Bxd3 11. Qxd3 Ne4 12. Bf4 f5 13. Ne5 Bf6 14. Nxd7 Qxd7
15. f3 Nxc3 16. bxc3 Qe6 17. Rab1 b6 18. Rb4 Rae8 19. Re1 b5 20. Qe2 Rf7 21.
Qf2 g5 22. Bg3 a5 23. Rbb1 a4 24. Qb2 Rfe7 25. Qd2 h6 26. Qc2 Bh8 27. Qd3 Bg7
28. Rb2 Qg6 29. a3 Re6 30. Bf2 Qf7 31. Qb1 Bf8 32. Ra2 Bd6 33. Rf1 f4 34. e4
dxe4 35. fxe4 Rxe4 36. Ra1 Qh5 37. Qa2+ Kg7 38. Qb1 f3 39. Bg3 Bxg3 40. hxg3
fxg2 41. Rf7+ Qxf7 42. g4 Rf8 43. Ra2 Qf1+ 44. Qxf1 gxf1=Q+ 45. Kh2 Rf2+ 46.
Rxf2 Qxf2+ 47. Kh3 47... Re3# {Hossa checkmated} 0-1

[Event "ICS rated blitz match"]
[Site "204.178.125.65"]
[Date "1999.10.26"]
[Round "?"]
[White "ljb"]
[Black "Hossa"]
[Result "0-1"]
[WhiteElo "2254"]
[BlackElo "2433"]
[PlyCount "58"]
[EventDate "1999.??.??"]

1. e4 e5 2. Nf3 Nc6 3. d4 exd4 4. Nxd4 Bc5 5. Be3 Bxd4 6. Bxd4 Nxd4 7. Qxd4 Qf6
8. e5 Qb6 9. Qxb6 axb6 10. Nc3 Ra5 11. f4 f6 12. exf6 Nxf6 13. Be2 Rf8 14.
O-O-O Kd8 15. g3 Re8 16. Bf3 b5 17. a3 Re3 18. Bg2 Re7 19. Rhe1 Rxe1 20. Rxe1
b6 21. h3 d6 22. Ne4 Nxe4 23. Bxe4 Be6 24. g4 h6 25. f5 Bd7 26. h4 d5 27. Bd3
Ra4 28. Rg1 b4 29. axb4 29... Ra1+ {ljb resigns} 0-1

[Event "ICS rated blitz match"]
[Site "204.178.125.65"]
[Date "1999.10.26"]
[Round "?"]
[White "Hossa"]
[Black "ljb"]
[Result "1/2-1/2"]
[WhiteElo "2441"]
[BlackElo "2246"]
[PlyCount "95"]
[EventDate "1999.??.??"]

1. Nf3 Nf6 2. c4 g6 3. d4 Bg7 4. Nc3 O-O 5. Bg5 d6 6. e4 h6 7. Be3 Ng4 8. Bd2
e5 9. h3 exd4 10. hxg4 dxc3 11. Bxc3 Bxc3+ 12. bxc3 Qf6 13. Nd2 Qxc3 14. Be2
Qg7 15. Nb3 Nc6 16. Qd2 Be6 17. Rxh6 Rfe8 18. O-O-O Ne5 19. Rdh1 Nxg4 20. Bxg4
Bxg4 21. f3 Be6 22. Qc2 c6 23. Qd3 d5 24. cxd5 cxd5 25. exd5 Rac8+ 26. Kd1 Red8
27. d6 Rc6 28. Rh8+ Qxh8 29. Rxh8+ Kxh8 30. Qd4+ Kg8 31. Qxa7 Rdxd6+ 32. Ke1
Bxb3 33. axb3 Rc1+ 34. Kf2 Rc2+ 35. Kg3 Rdd2 36. Qxb7 Rxg2+ 37. Kf4 Rgf2 38.
Qb8+ Kh7 39. Qd8 Rfd2 40. Qe7 Kg7 41. Qe5+ Kg8 42. Qe8+ Kg7 43. Qe5+ Kf8 44.
Qh8+ Ke7 45. Qe5+ Kf8 46. Qh8+ Ke7 47. Qe5+ Kf8 48. Qh8+ {
Game drawn by repetition} 1/2-1/2

[Event "ICS rated blitz match"]
[Site "204.178.125.65"]
[Date "1999.10.26"]
[Round "?"]
[White "ljb"]
[Black "Hossa"]
[Result "0-1"]
[WhiteElo "2254"]
[BlackElo "2433"]
[PlyCount "100"]
[EventDate "1999.??.??"]

1. e4 e5 2. Nf3 Nc6 3. d3 Nf6 4. Nc3 Bb4 5. Bg5 O-O 6. Be2 d6 7. O-O h6 8. Bxf6
gxf6 9. Nd5 Ba5 10. Nh4 Nd4 11. Ne3 c6 12. c3 Nxe2+ 13. Qxe2 Kh7 14. Nef5 Rg8
15. Kh1 d5 16. f4 dxe4 17. dxe4 Qf8 18. Rf3 Kh8 19. Raf1 Bb6 20. Rh3 exf4 21.
Rxf4 Bc7 22. Rff3 Rg5 23. Nxh6 Bxh3 24. Rxh3 Qxh6 25. Nf5 Qxh3 26. gxh3 Bb6 27.
Ng3 Rag8 28. Qf3 R5g6 29. h4 R8g7 30. h5 Rg5 31. Qxf6 Kg8 32. h6 R7g6 33. h7+
Kxh7 34. Qxf7+ Rg7 35. Qf6 Bc7 36. Kg2 Bxg3 37. hxg3 Rxg3+ 38. Kf2 Rg2+ 39. Ke3
Rxb2 40. Qh4+ Kg8 41. Qd8+ Kh7 42. Kd4 Rd2+ 43. Kc4 Rxd8 44. e5 Kg6 45. Kb3 Kf5
46. a4 a5 47. c4 c5 48. e6 Rg2 49. Kc3 Kxe6 50. Kb3 50... Rd3# {ljb checkmated}
0-1

[Event "ICS rated blitz match"]
[Site "204.178.125.65"]
[Date "1999.10.26"]
[Round "?"]
[White "ljb"]
[Black "Hossa"]
[Result "1-0"]
[WhiteElo "2249"]
[BlackElo "2449"]
[PlyCount "91"]
[EventDate "1999.??.??"]

1. e4 e5 2. Nf3 Nc6 3. d3 Nf6 4. Nc3 Bb4 5. Bg5 O-O 6. Be2 d6 7. O-O h6 8. Bxf6
gxf6 9. Nd5 Ba5 10. Nh4 Nd4 11. Ne3 c6 12. c3 Nxe2+ 13. Qxe2 Kh7 14. f4 Bb6 15.
Kh1 Bxe3 16. Qxe3 Bg4 17. f5 d5 18. h3 Bh5 19. g4 Bxg4 20. hxg4 Rg8 21. Rg1 Rg7
22. Rg2 Qg8 23. Rag1 dxe4 24. dxe4 Qh8 25. Rh2 Kg8 26. Qc5 Rh7 27. Qe7 b6 28.
Rd1 Kg7 29. Rd6 Re8 30. Qxf6+ Kg8 31. Qxh8+ Kxh8 32. Nf3 c5 33. Rdxh6 Rxh6 34.
Rxh6+ Kg7 35. g5 b5 36. f6+ Kg8 37. Nh4 Rd8 38. Nf5 Rd1+ 39. Kg2 Rd2+ 40. Kf3
Rd3+ 41. Ke2 Rd7 42. Ne7+ Rxe7 43. fxe7 Kg7 44. e8=Q f5 45. Rg6+ Kh7 46. Qg8# {
Hossa checkmated} 1-0

[Event "ICS rated blitz match"]
[Site "204.178.125.65"]
[Date "1999.10.26"]
[Round "?"]
[White "Ctoth"]
[Black "Hossa"]
[Result "1/2-1/2"]
[WhiteElo "2419"]
[BlackElo "2432"]
[PlyCount "116"]
[EventDate "1999.??.??"]

1. e4 c5 2. Nf3 e6 3. Nc3 Nc6 4. Bb5 a6 5. Bxc6 dxc6 6. O-O Be7 7. d3 b6 8. a4
Bb7 9. b3 Nf6 10. Bb2 O-O 11. Ne5 Qc7 12. Ng4 e5 13. Ne3 Rfd8 14. Qf3 Kh8 15.
Nf5 Bf8 16. Ne2 g6 17. Ne3 Bg7 18. Nc4 Re8 19. Qg3 Nh5 20. Qh4 b5 21. Ne3 Kg8
22. f4 f6 23. fxe5 fxe5 24. Ng4 Qe7 25. Qe1 Qg5 26. h3 Qe7 27. Qc3 Rad8 28. Bc1
Nf4 29. Qd2 Nxe2+ 30. Qxe2 Qh4 31. Bd2 Bc8 32. Be1 Bxg4 33. Qxg4 Qxg4 34. hxg4
b4 35. Bf2 Bf8 36. Be3 Kg7 37. g5 Bd6 38. Rf3 Rf8 39. Raf1 Kg8 40. g4 Rxf3 41.
Rxf3 a5 42. Kg2 Rd7 43. Rf6 Kh8 44. Re6 Kg7 45. Re8 Ra7 46. Rc8 Ra6 47. Rd8 Be7
48. Re8 Kf7 49. Rh8 Kg7 50. Rb8 Kf7 51. Rb7 Ke6 52. Rb8 Kf7 53. Rb7 Ke6 54. Kg3
Ra8 55. Rb6 Kd7 56. Rb7+ Ke6 57. Rc7 Kd6 58. Rb7 58... Ke6 {
Game drawn by repetition} 1/2-1/2

[Event "ICS rated blitz match"]
[Site "204.178.125.65"]
[Date "1999.10.27"]
[Round "?"]
[White "Hossa"]
[Black "SSM"]
[Result "1-0"]
[WhiteElo "2429"]
[BlackElo "2315"]
[PlyCount "40"]
[EventDate "1999.??.??"]

1. Nf3 Nf6 2. c4 g6 3. d4 Bg7 4. Nc3 O-O 5. Bg5 d6 6. e4 Nbd7 7. Bd3 h6 8. Be3
e5 9. O-O c6 10. Qe2 Qc7 11. Rad1 Ng4 12. Bc2 Nxe3 13. fxe3 a6 14. Bb3 Kh7 15.
a3 f5 16. exf5 gxf5 17. Bc2 e4 18. Nh4 Nb6 19. a4 Qf7 20. Bxe4 20... fxe4 {
SSM resigns} 1-0

[Event "ICS rated blitz match"]
[Site "204.178.125.65"]
[Date "1999.10.27"]
[Round "?"]
[White "Hossa"]
[Black "PostModernist"]
[Result "0-1"]
[WhiteElo "2440"]
[BlackElo "2631"]
[PlyCount "90"]
[EventDate "1999.??.??"]

1. Nf3 Nf6 2. c4 g6 3. d4 Bg7 4. Nc3 d5 5. Bg5 Ne4 6. Bf4 Nxc3 7. bxc3 c5 8.
cxd5 Qa5 9. Qd2 cxd4 10. cxd4 Qxd5 11. Bh6 O-O 12. Bxg7 Kxg7 13. e3 Bh3 14. Rc1
Nd7 15. Qc3 Bg4 16. Bc4 Qh5 17. Nd2 Rfc8 18. f3 Bxf3 19. Nxf3 b5 20. Qb4 Nb6
21. Qxe7 Nxc4 22. Ng5 Re8 23. Qxf7+ Kh6 24. h4 Rxe3+ 25. Kf2 Qe2+ 26. Kg1 Re7
27. Qf4 Kg7 28. Qf3 Rf8 29. Qxe2 Rxe2 30. a4 a6 31. d5 Kh6 32. Kh2 Rf4 33. Ne6
Rg4 34. Kh3 Rexg2 35. Rc3 b4 36. Rf3 Nd2 37. Re3 b3 38. Nc5 b2 39. d6 Rg1 40.
Rxg1 Rxg1 41. Re2 b1=Q 42. Rxd2 Qf1+ 43. Kh2 Rh1+ 44. Kg3 Rh3+ 45. Kg4 45...
Qf3# {Hossa checkmated} 0-1

[Event "ICS rated blitz match"]
[Site "204.178.125.65"]
[Date "1999.10.27"]
[Round "?"]
[White "readyink"]
[Black "Hossa"]
[Result "0-1"]
[WhiteElo "2181"]
[BlackElo "2432"]
[PlyCount "42"]
[EventDate "1999.??.??"]

1. e4 c5 2. Nf3 e6 3. d4 cxd4 4. Nxd4 a6 5. Bd3 Nf6 6. O-O d6 7. Nc3 Be7 8. Kh1
O-O 9. f4 Nbd7 10. Qe1 Nc5 11. Be3 d5 12. e5 Ng4 13. Bg1 Nxd3 14. cxd3 f6 15.
exf6 Rxf6 16. Rc1 Bd6 17. Qh4 Nh6 18. Be3 Be7 19. Qh5 Nf5 20. Nxf5 Rxf5 21. Qf3
21... d4 {readyink resigns} 0-1

[Event "ICS rated blitz match"]
[Site "204.178.125.65"]
[Date "1999.10.27"]
[Round "?"]
[White "Halo"]
[Black "Hossa"]
[Result "0-1"]
[WhiteElo "2171"]
[BlackElo "2438"]
[PlyCount "84"]
[EventDate "1999.??.??"]

1. c4 e5 2. g3 Bc5 3. Bg2 c6 4. e3 d5 5. cxd5 cxd5 6. Ne2 e4 7. O-O Nf6 8. d3
O-O 9. Nbc3 Bg4 10. h3 Bf3 11. dxe4 dxe4 12. Bxf3 exf3 13. Nd4 Bxd4 14. exd4
Nc6 15. Be3 Qd7 16. Qxf3 Nxd4 17. Bxd4 Qxd4 18. Rad1 Qb4 19. Rd2 Rae8 20. Rfd1
Re5 21. a3 Qb3 22. Qf4 Qe6 23. Kh2 Rh5 24. h4 Re5 25. Kg2 Qc6+ 26. Qf3 Qb6 27.
Ne2 Rfe8 28. Nd4 Ne4 29. Re2 Qd6 30. Re3 Qd7 31. Nc2 Qe6 32. Nd4 Qc8 33. Nb3
Rf5 34. Rc1 Rxf3 35. Rxc8 Rxf2+ 36. Kg1 Rxc8 37. Rxe4 Rxb2 38. Nc5 Ra2 39. Re3
b6 40. Nd3 Rxa3 41. Kf2 a5 42. Kf3 42... Rd8 {Halo resigns} 0-1

[Event "ICS rated blitz match"]
[Site "204.178.125.65"]
[Date "1999.10.27"]
[Round "?"]
[White "Hossa"]
[Black "Demolisher"]
[Result "1-0"]
[WhiteElo "2444"]
[BlackElo "1684"]
[PlyCount "89"]
[EventDate "1999.??.??"]

1. e4 e5 2. Nf3 Nc6 3. d3 Nf6 4. Nc3 Bc5 5. Be2 O-O 6. O-O d5 7. Bg5 d4 8. Nd5
Be7 9. Nxe7+ Qxe7 10. Nd2 h6 11. Bh4 g5 12. Bg3 Kg7 13. h4 Nh7 14. hxg5 hxg5
15. Re1 Rh8 16. Nf3 Qf6 17. Rf1 Qh6 18. Nxe5 Nf6 19. f4 gxf4 20. Bxf4 Qh1+ 21.
Kf2 Qh4+ 22. Bg3 Qg5 23. Nc4 Ng4+ 24. Bxg4 Bxg4 25. Qe1 Rae8 26. Bxc7 Re6 27.
Kg1 Reh6 28. Qg3 Rh1+ 29. Kf2 Qf6+ 30. Bf4 Rxf1+ 31. Rxf1 Qh4 32. Ne5 Nxe5 33.
Bxe5+ Kg6 34. Bxh8 Qxg3+ 35. Kxg3 Be6 36. Bxd4 f5 37. Bxa7 Kf7 38. exf5 Bxa2
39. b3 Bxb3 40. cxb3 Kf6 41. Kf4 Kf7 42. Re1 Kf6 43. Bd4+ Kf7 44. Kg5 Kf8 45.
Kg6 {Demolisher resigns} 1-0

[Event "ICS Rated blitz match"]
[Site "204.178.125.65"]
[Date "1999.10.27"]
[Round "?"]
[White "Hossa"]
[Black "OneBigLoser"]
[Result "0-1"]
[WhiteElo "2442"]
[BlackElo "2233"]
[PlyCount "234"]
[EventDate "1999.??.??"]

1. e4 d5 2. exd5 Qxd5 3. Nc3 Qd6 4. d4 Nf6 5. Nf3 Bg4 6. h3 Bf5 7. Bb5+ Nbd7 8.
Nh4 Be6 9. O-O c6 10. Be2 O-O-O 11. Be3 Nb6 12. Nf3 Nbd5 13. Nxd5 Nxd5 14. Qd2
Nxe3 15. Qxe3 Bd5 16. c4 Bxf3 17. Qxf3 Qxd4 18. Qf5+ e6 19. Qxf7 Qf6 20. Qxf6
gxf6 21. Rad1 Bc5 22. Bg4 f5 23. Bh5 e5 24. Bf7 Kc7 25. Be6 f4 26. Rde1 Bd4 27.
b3 h5 28. Bf5 Rhf8 29. Bg6 h4 30. Be4 Rg8 31. Re2 Bc5 32. Kh2 Rg5 33. Rc1 a5
34. Rcc2 Bb4 35. c5 Ba3 36. Rc4 Rd4 37. Rc3 Kd7 38. Rcc2 Ke7 39. Bf3 Ke6 40.
Re1 Bb4 41. Ree2 Kf6 42. Be4 Ba3 43. Rc3 Ke7 44. Bf3 Bb4 45. Rcc2 Ke6 46. Be4
Ba3 47. Re1 Rg7 48. Kg1 a4 49. Kh2 axb3 50. axb3 Rgd7 51. Ree2 Rb4 52. Rc3 Rb5
53. Bf3 Bb4 54. Rc4 Kf6 55. Rec2 Rd4 56. Be4 Rxc4 57. Rxc4 Bxc5 58. Kg1 Bd4 59.
Bc2 Ra5 60. Kf1 Ra2 61. b4 Ke7 62. f3 Kd6 63. Bg6 Rf2+ 64. Ke1 Rb2 65. Be4 Rxg2
66. Rc2 Rg3 67. Kd2 Rxh3 68. Kd3 Rg3 69. Ra2 h3 70. Ra8 h2 71. Rh8 Rg2 72. Rh6+
Kc7 73. Rh7+ Kb6 74. Kc4 Rd2 75. Bf5 Ka6 76. Bc8 Rc2+ 77. Kd3 Rc3+ 78. Ke4 Re3+
79. Kf5 Rxf3 80. Rxb7 Rf2 81. Rb8+ Ka7 82. Rb7+ Ka8 83. Rh7 Kb8 84. Be6 Rc2 85.
Bb3 Rb2 86. Ba4 Rxb4 87. Bxc6 Rb2 88. Kg4 Kc8 89. Kh3 Rd2 90. Kg4 Rc2 91. Be4
Rf2 92. Bf5+ Kd8 93. Rd7+ Ke8 94. Rh7 Rg2+ 95. Kf3 Rg3+ 96. Ke4 f3 97. Rh8+ Ke7
98. Rxh2 f2 99. Rxf2 Bxf2 100. Kxe5 Re3+ 101. Kf4 Kf6 102. Be4 Bg1 103. Bd5 Rh3
104. Kg4 Rh2 105. Kg3 Ke5 106. Bb7 Rb2 107. Bc6 Rb3+ 108. Kg4 Bf2 109. Kh5 Rg3
110. Kh6 Kf6 111. Kh5 Rg5+ 112. Kh6 Be3 113. Kh7 Kf7 114. Bf3 Rg7+ 115. Kh8 Bd4
116. Bd1 Rg8+ 117. Kh7 117... Rh8# {Hossa checkmated} 0-1

[Event "ICS rated blitz match"]
[Site "204.178.125.65"]
[Date "1999.10.27"]
[Round "?"]
[White "Hossa"]
[Black "MissSilicon"]
[Result "1-0"]
[WhiteElo "2417"]
[BlackElo "2656"]
[PlyCount "177"]
[EventDate "1999.??.??"]

1. e4 e6 2. d4 d5 3. Bd3 c5 4. c3 dxe4 5. Bxe4 Nf6 6. Bf3 cxd4 7. cxd4 Bd6 8.
Ne2 O-O 9. Nbc3 Qc7 10. Bg5 Nbd7 11. Rc1 h6 12. Ne4 Bb4+ 13. Bd2 Bxd2+ 14. Nxd2
Qa5 15. a3 Nh7 16. O-O Ng5 17. Bg4 Nf6 18. Nc4 Qb5 19. f3 Nxg4 20. fxg4 b6 21.
Qd3 Ba6 22. b3 Rac8 23. Qe3 Rfd8 24. Rf4 Bb7 25. Rc2 Qa6 26. Ra2 f6 27. Rf1 b5
28. Nd2 Qb6 29. h4 Nf7 30. Ne4 Bd5 31. Rd2 e5 32. Rb1 exd4 33. Rxd4 Ne5 34. Nf2
Re8 35. Qg3 Rc2 36. Rxd5 Rxe2 37. Kf1 Ra2 38. Rbd1 Rxa3 39. Ne4 Ra2 40. Rd6 Qb7
41. Re1 b4 42. Rdd1 Rc8 43. g5 hxg5 44. hxg5 Qb5+ 45. Kg1 f5 46. Nd6 Qc5+ 47.
Kh1 Ng4 48. Nxc8 Nf2+ 49. Kh2 Qxc8 50. Rc1 Qd8 51. Rc7 Ne4 52. Rxe4 fxe4 53.
Qe5 Qf8 54. g6 Rxg2+ 55. Kxg2 Qf3+ 56. Kh2 Qf2+ 57. Kh3 Qf1+ 58. Kg4 Qf3+ 59.
Kh4 Qh1+ 60. Kg5 Qh6+ 61. Kf5 Qh5+ 62. Kxe4 Qxg6+ 63. Kd5 Qd3+ 64. Kc5 Qc3+ 65.
Qxc3 bxc3 66. Kd4 c2 67. Rxc2 Kf7 68. Rc7+ Kf6 69. Rxg7 Kxg7 70. b4 Kf8 71. Kd5
Ke8 72. Kc6 a6 73. Kb6 Kd7 74. Kxa6 Kc7 75. b5 Kb8 76. Kb6 Kc8 77. Ka7 Kd7 78.
b6 Ke6 79. b7 Kd5 80. Kb6 Ke4 81. Kc5 Ke3 82. Kd5 Kd3 83. b8=Q Ke3 84. Qf8 Kd2
85. Qf3 Kc2 86. Kc4 Kd2 87. Qf2+ Kc1 88. Kc3 Kd1 89. Qf1# {
MissSilicon checkmated} 1-0

[Event "ICS rated blitz match"]
[Site "204.178.125.65"]
[Date "1999.10.27"]
[Round "?"]
[White "leskovar"]
[Black "Hossa"]
[Result "0-1"]
[WhiteElo "2330"]
[BlackElo "2443"]
[PlyCount "34"]
[EventDate "1999.??.??"]

1. e4 c5 2. Nf3 e6 3. Nc3 Nc6 4. Bb5 a6 5. Bxc6 dxc6 6. d3 Be7 7. O-O b6 8. e5
Bb7 9. Ne4 f5 10. exf6 gxf6 11. Ne5 fxe5 12. Qh5+ Kd7 13. Qxe5 Nf6 14. Ng5 Qg8
15. Bf4 Nd5 16. Ne4 Rf8 17. Bg3 17... Rf5 {leskovar resigns} 0-1

[Event "ICS Rated blitz match"]
[Site "204.178.125.65"]
[Date "1999.10.27"]
[Round "?"]
[White "Hossa"]
[Black "lakerda"]
[Result "1-0"]
[WhiteElo "2454"]
[BlackElo "2227"]
[PlyCount "41"]
[EventDate "1999.??.??"]

1. e4 e6 2. d4 d5 3. Bd3 Nd7 4. Nd2 dxe4 5. Nxe4 Ngf6 6. Nxf6+ Nxf6 7. Bg5 Be7
8. Nf3 O-O 9. O-O b6 10. Ne5 Bb7 11. Re1 h6 12. Be3 Qd5 13. f3 c5 14. c3 cxd4
15. cxd4 Rac8 16. Qa4 a5 17. Rac1 Rxc1 18. Rxc1 Rc8 19. Rxc8+ Bxc8 20. Bb5 Bb7
21. Be8 {lakerda resigns} 1-0